000 00551nam a2200217Ia 4500
003 OSt
005 20220924140202.0
006 a|||||r|||| 00| 0
007 ta
008 220923b |||||||| |||| 00| 0 ben d
024 _a293952
037 _cTextual
040 _aARTS
_cARTS
_bben
041 _2ben
_aben
082 _aO157,2:gN, M21
245 0 _aBangla natake adhunikata o ganachetana
_b 1923 - 1960
260 _c1982
650 _aBENGALI LITERATURE
942 _hO157,2:gN, M21
_cTEXL
_2CC
999 _c443211
_d443211